00350nam a2200109Ia 4500008004100000245011800041260003500159260000900194300001000203500001100213650001600224170224s9999 xx 000 0 und d aComparative physiological reactivity during script-driven recall in depression and posttraumatic stress disorder. bJournal of Abnormal Psychology c2014 a123:3 aAugust xPsychology.